000 00772nam a22002297a 4500
005 20251108164842.0
008 250721s1993 xx 000 0 ara d
082 1 4 _a371.33/عبد
100 1 _aسلامه، عبد الحافظ محمد
245 1 0 _aوسائل الإتصال و أسسها النفسية و التربوية /
264 1 _aعمان :
_bدار الفكر للنشر والتوزيع،
_c1993.
300 _a260ص.
490 0 _aالمصادر التعليمية ؛ 302
650 1 7 _aالتدريس
650 1 7 _aوسائل التدريس
650 1 7 _aأساليب التدريس
650 1 7 _aالوسائل السمعية و البصرية
650 1 7 _aالتعلم
650 1 7 _aعلم النفس
942 _2ddc
_cBK
999 _c15877
_d15877